Logo BPK

Biblioteka

Politechniki Koszalińskiej

Optymalizacja usuwania azotu - doświadczenia krajowe i zagraniczne : (Rekord nr 49175)

Szczegóły MARC
000 -ETYKIETA REKORDU
podpole kontrolne o stałej długości 01275nam a2200265 i 4500
001 - NUMER KONTROLNY REKORDU
pole kontrolne bg
040 ## - ŹRÓDŁO KATALOGOWANIA
Instytucja, która utworzyła rekord BPK
041 ## - KOD JĘZYKA
Kod języka tekstu pol
-- eng
044 ## - KOD KRAJU WYDAWCY/PRODUCENTA
Kod kraju wydawcy/producenta POL
080 ## - UNIWERSALNA KLASYFIKACJA DZIESIĘTNA - UKD
UKD 628.32:546.1/.2](06)
008 - POLE O STAŁEJ DŁUGOŚCI - DANE KONTROLNE
podpole kontrolne o stałej długości 090722s2008 pl |001 0dpol
111 ## - NAZWA IMPREZY
Nazwa imprezy Seminarium Naukowo-Techniczne z cyklu "Biologiczne usuwanie związków biogennych."
Oznaczenie części/sekcji/imprezy (2 ;
Data imprezy 2008 r. ;
Miejsce imprezy Warszawa).
245 00 - TYTUŁ/ODPOWIEDZIALNOŚĆ
Tytuł Optymalizacja usuwania azotu - doświadczenia krajowe i zagraniczne :
Ciąg dalszy tytułu Warszawa, 5-6 listopada 2008 r.
246 ## - WARIANT TYTUŁU
Tytuł II Seminarium Naukowo- Techniczne z cyklu "Biologiczne usuwanie związków biogennych"
246 ## - WARIANT TYTUŁU
Tytuł Biologiczne usuwanie związków biogennych
260 ## - STREFA ADRESU WYDAWNICZEGO
Miejsce wydania Warszawa :
Nazwa wydawcy/dystrybutora Wydawnictwo Seidel-Przywecki,
Data publikacji, dystrybucji/powstania dokumentu [2008 lub 2009].
300 ## - STREFA OPISU FIZYCZNEGO
Objętość Skoroszyt (366 s. pag. varia) :
Inne cechy fizyczne il. ;
Rozmiary 24 cm.
500 ## - UWAGI OGÓLNE
Tekst uwagi Materiały z II Seminarium Naukowo-Technicznego z cyklu "Biologiczne usuwanie związków biogennych" ; Warszawa 5-6 listopada 2008.
650 ## - HASŁO PRZEDMIOTOWE W FORMIE NAZWY OGÓLNEJ LUB JEDNOSTKOWEJ
Nazwa ogólna lub geograficzna Azot
Określnik ogólny związki
-- higiena
650 ## - HASŁO PRZEDMIOTOWE W FORMIE NAZWY OGÓLNEJ LUB JEDNOSTKOWEJ
Nazwa ogólna lub geograficzna Azot
Określnik ogólny związki
-- unieszkodliwianie
650 ## - HASŁO PRZEDMIOTOWE W FORMIE NAZWY OGÓLNEJ LUB JEDNOSTKOWEJ
Nazwa ogólna lub geograficzna Oczyszczalnia ścieków
655 ## - TERMIN INDEKSOWY - OKREŚLENIE RODZAJU/FORMY DOKUMENTU
Określenie rodzaju/formy dokumentu Materiały konferencyjne
856 ## - LOKALIZACJA I DOSTĘP DO ELEKTRONICZNYCH DOKUMENTÓW ZDALNYCH
Link (URL) http://koha.tu.koszalin.pl/cgi-bin/koha/opac-detail.pl?biblionumber=49175
Tekst linku Katalog online BPK
946 ## - DANE ZAMÓWIENIA
c 100,00
942 ## - DODATKOWE ELEMENTY (KOHA)
Typ dokumentu Katalog
Egzemplarze
Wycofany Status egzemplarza Uszkodzony Dostępność Lokalizacja stała Lokalizacja bieżąca Miejsce przechowywania Sygnatura Kod kreskowy Dział Typ dokumentu
      Tylko na miejscu Czytelnia Wydziału Elektroniki i Informatyki, Wydziału Architektury i Wzornictwa, Wydziału Inżynierii Mechanicznej i Energetyki oraz Wydziału Inżynierii Lądowej, Środowiska i Geodezji Czytelnia Wydziału Elektroniki i Informatyki, Wydziału Architektury i Wzornictwa, Wydziału Inżynierii Mechanicznej i Energetyki oraz Wydziału Inżynierii Lądowej, Środowiska i Geodezji Czytelnia Wydziałowa ul. Śniadeckich 2 KC 3587 02201511 628.3 Ścieki Katalog
© 2023 Biblioteka Politechniki Koszalińskiej :: KOHA